The letters of Peter le Page Renouf (1822-1897) /

محفوظ في:

المؤلف الرئيسي: Renouf, P. Le Page 1822-1897 (مؤلف)

مؤلفون آخرون: Cathcart, Kevin J.

التنسيق: كتاب

اللغة: English

منشور في: Dublin : University College Dublin Press, 2004.

الموضوعات:

الوسوم: إضافة وسم

لا توجد وسوم, كن أول من يضع وسما على هذه التسجيلة!

رقم الطلب: PJ1064 .R46 A4 v.4

LEADER 01139nam a22003017a 4500
003 OSt
005 20251013114122.0
008 251013t2004 ie a b 001 0deng d
020 |a 1900621657  
040 |c ARCE Library 
043 |a f-ua---  |a e-uk--- 
050 1 4 |a PJ1064 .R46  |b A4 v.4 
100 1 |a Renouf, P. Le Page  |q (Peter Le Page),  |d 1822-1897,  |e author  |9 38363 
240 1 0 |a Correspondence. 
245 1 4 |a The letters of Peter le Page Renouf (1822-1897) /   |c edited by Kevin J. Cathcart. 
264 1 |a Dublin :   |b University College Dublin Press,   |c 2004. 
300 |a volume < 4 > :   |b illustrations ;   |c 24 cm. 
504 |a Includes bibliographical references and indexes. 
505 0 |g volume 4.  |t London (1864-1897) 
600 1 0 |a Renouf, P. Le Page  |q (Peter Le Page),  |d 1822-1897,  |9 38363 
610 2 0 |a British Museum  |x Officials and employees  |v Correspondence. 
650 0 |a Egyptologists  |z Great Britain  |v Correspondence. 
650 0 |a Museum curators  |z Great Britain  |v Correspondence. 
650 0 |a Scholars  |z Great Britain  |v Correspondence. 
700 1 |a Cathcart, Kevin J.  
901 |a reviewed 
942 |c BK  |2 lcc 
999 |c 24332  |d 24332